000 01104cab a2200217 i 4500
001 768714001
003 CO-MdFUSB
005 20230112103746.0
008 180626b1999 gt ||||| |||| 00| 0 spa d
022 _a1014-9341
040 _aCO-MdFUSB
_bspa
_cCO-MdFUSB
_dCO-MdFUSB
041 _aspa
100 1 _aReyes, George
_eautor
245 0 0 _aEsbozo histórico de los acercamientos literarios al texto bíblico
_c/ George Reyes
300 _aNúmero 24 (Enero - Junio,1999), páginas 39-60
_c; 21 cm
520 _aLa historia del desarrollo y difusión de los acercamientos literarios al texto bíblico se puede dividir en tres períodos: albores (1969-1974), solidificación (1974-1981) y apogeo y predominio (1981-1997). En los acercamientos literarios el enfoque está en el texto mismo, en su forma canónica final y visto como una unidad literaria.
650 7 _923
_aBiblia y literatura
773 0 _tKairós
_049489
_961199
_gNúmero 24 (Enero - Junio,1999), páginas 39-60
_qPágina 39
773 0 _tKairós
_049489
_981313
_gNúmero 24 (Enero - Junio,1999), páginas 39-60
_qPágina 39
942 _cANA
999 _c51222
_d51222